<?xml version="1.0" encoding="UTF-8"?>
<marc:record xmlns:marc="http://www.loc.gov/MARC21/slim">
   <marc:leader>00000nam a2200000 a 4500</marc:leader>
   <marc:datafield ind1="1" ind2=" " tag="100">
      <marc:subfield code="a">Schrade, Pia</marc:subfield>
      <marc:subfield code="4">aut</marc:subfield>
      <marc:subfield code="e">Verfasser/-in</marc:subfield>
   </marc:datafield>
   <marc:datafield ind1=" " ind2=" " tag="653">
      <marc:subfield code="a">Stadtimker</marc:subfield>
   </marc:datafield>
   <marc:datafield ind1=" " ind2=" " tag="653">
      <marc:subfield code="a">Bienen</marc:subfield>
   </marc:datafield>
   <marc:datafield ind1=" " ind2=" " tag="653">
      <marc:subfield code="a">Bienenfreundlich</marc:subfield>
   </marc:datafield>
   <marc:datafield ind1=" " ind2=" " tag="653">
      <marc:subfield code="a">Honigbiene</marc:subfield>
   </marc:datafield>
   <marc:datafield ind1=" " ind2=" " tag="653">
      <marc:subfield code="a">Honig schleudern</marc:subfield>
   </marc:datafield>
   <marc:datafield ind1=" " ind2=" " tag="653">
      <marc:subfield code="a">Honig gewinnen</marc:subfield>
   </marc:datafield>
   <marc:datafield ind1=" " ind2=" " tag="653">
      <marc:subfield code="a">Honiggewinnung</marc:subfield>
   </marc:datafield>
   <marc:datafield ind1=" " ind2=" " tag="653">
      <marc:subfield code="a">Bienenschwarm</marc:subfield>
   </marc:datafield>
   <marc:datafield ind1=" " ind2=" " tag="653">
      <marc:subfield code="a">Softcover / Ratgeber/Natur/Garten</marc:subfield>
   </marc:datafield>
   <marc:datafield ind1="0" ind2="0" tag="245">
      <marc:subfield code="a">Imkern</marc:subfield>
   </marc:datafield>
   <marc:datafield ind1="0" ind2="0" tag="245">
      <marc:subfield code="b">Bienenhaltung für Einsteiger : großes Extra: Imkern in der Stadt</marc:subfield>
   </marc:datafield>
   <marc:datafield ind1="0" ind2="0" tag="245">
      <marc:subfield code="c">Pia Schrade</marc:subfield>
   </marc:datafield>
   <marc:datafield ind1=" " ind2="1" tag="264">
      <marc:subfield code="a">Igling</marc:subfield>
      <marc:subfield code="b">EMF</marc:subfield>
      <marc:subfield code="c">2022</marc:subfield>
   </marc:datafield>
   <marc:datafield ind1=" " ind2=" " tag="250">
      <marc:subfield code="a">1. Auflage</marc:subfield>
   </marc:datafield>
   <marc:datafield ind1="1" ind2=" " tag="520">
      <marc:subfield code="a">Angaben aus der Verlagsmeldung

Imkern – Bienenhaltung für Einsteiger : Großes Extra: Imkern in der Stadt / von Pia Schrade

Rettet die Bienen! Die Bedeutung der Bienen für unsere Umwelt, Artenvielfalt und Landwirtschaft ist in den letzten Jahren zunehmend in den Vordergrund gerückt. Bunte Wildblumenwiesen, Balkone und Gärten bieten Insekten eine Spielwiese und auch das Imkern, das Züchten und Pflegen von Bienenvölkern zur Honiggewinnung, erfreut sich wieder großer Beliebtheit - auch bei jungen Menschen. Dieses Buch erleichtert Bienenfreunden den Einstieg ins Handwerk und vermittelt viel spannendes Wissen zum faszinierenden Superorganismus eines Bienenvolks.

Erfolgreich starten mit vielen Praxistipps zu Ausrüstung und Arbeitsabläufen am Stock

Imkern für alle: ausführliche Infos zu den Topthemen Bienenfreundlich gärtnern und Imkern in der Stadt

Mit tollen Rezepten und Tipps für die Honigverarbeitung

Mit vielen spannenden Fakten rund um die Bienen- und Insektenwelt

So gelingt Bienenfreunden der Einstieg ins Imkern ganz easy. Dieses Buch vermittelt alles, was man für Pflege und Haltung eines Bienenvolks wissen muss. Von der Biologie der Honigbiene und dem faszinierenden Aufbau eines Bienenstaats über den Ablauf des Imkerjahrs, das bestimmt ist vom Wechsel der Jahreszeiten, bis zur Fütterung und Pflege der Tiere. Natürlich darf auch die Honigernte nicht fehlen!
Die Hacks und Tipps vom Profi erläutern die Arbeitsschritte am Stock ganz einfach und garantieren die artgerechte Haltung und Bewahrung der Bienen. Das belohnen die Tiere mit einer reichen Honigernte!

Jeder kann imkern – dank zahlreicher Sonderseiten zum Thema Bienenhaltung in der Stadt kann jeder seinen Beitrag leisten, diese spannenden und lebenswichtigen Insekten zu schützen und ihnen ein gutes Zuhause zu bieten.  

</marc:subfield>
   </marc:datafield>
   <marc:datafield ind1=" " ind2=" " tag="020">
      <marc:subfield code="a">9783745910452</marc:subfield>
      <marc:subfield code="9">9783745910452</marc:subfield>
   </marc:datafield>
   <marc:datafield ind1=" " ind2=" " tag="020">
      <marc:subfield code="a">3745910451</marc:subfield>
      <marc:subfield code="9">3745910451</marc:subfield>
   </marc:datafield>
   <marc:datafield ind1=" " ind2=" " tag="041">
      <marc:subfield code="a">ger</marc:subfield>
   </marc:datafield>
   <marc:datafield ind1=" " ind2=" " tag="300">
      <marc:subfield code="a">175 Seiten</marc:subfield>
   </marc:datafield>
</marc:record>
